000 01627nam2a22002651 4500
001 rc\4352792
005 20260407133905.0
021 _aRU
_b[73-9577]
035 _a(NLR Aleph) 008530140
090 _a8282608
_c8282608
100 _a20130416d1972 |||y0rusy50 ca
101 0 _arus
102 _aRU
105 _ay z |||||
200 0 _aВып. 3
_fАкад. пед. наук СССР. Науч.-исслед. ин-т общих проблем воспитания
210 _cПедагогика
_d1972
_aБ. м.
215 _a180 с.
320 _aСписок лит. в примеч.: с. 167-173
461 0 _1001rc\4352789
_12001#$aЕдиные педагогические требования к учащимся$eСборник документов$eВып. 1-$fАкад. пед. наук СССР. [Науч.-исслед. ин-т теории и истории педагогики. Дом пропаганды пед. занятий и передового опыта$vВып. 3
_98282590
_cМосква
_d1967-
_fАкад. пед. наук СССР. [Науч.-исслед. ин-т теории и истории педагогики. Дом пропаганды пед. занятий и передового опыта
_nБ. и.
_oСборник документов : Вып. 1-
_tЕдиные педагогические требования к учащимся
_vВып. 3
712 0 2 _aНИИ общих проблем воспитания
_cМосква
_3RU\NLR\AUTH\8810000174
_9497515
801 0 _aRU
_bNLR
_gpsbo
801 1 _aRU
_bELAR
_2rusmarc
852 _aNLR
_j68-4/13617
942 _cBOOK
980 _aNB